Ako modelovať zakázané odbočovanie v dopravných sieťach?

Bibliographic Details
Main Author: Peško, Štefan, 1954- (Author)
Format: Article
Language:Slovak
PhysicalDescription:Sch.
ISSN:1210-0978
Subjects:

MARC

LEADER 00000nab a2200000 a 4500
001 vtls000842368
003 SK-MaSNL
005 20260304105910.0
008 250429c2003 xo 0 slo
015 |a SNBRB2003/08-22522 
035 |a CLN000194023 
035 |a urn:nbn:sk:snk-ab310o 
035 |a (urnnbn)urn:nbn:sk:snk:ar-a04iry 
035 |a (uuid)eaa55549-7bc9-4aa0-aab0-77380eda2e8e 
040 |a SNKBUCL  |b slo  |c SNKBUCL  |e AACR2 
041 0 |a slo 
044 |a xo  |c SK 
080 |a 656.02:519.863  |2 1997 
080 |a 519.863  |2 1997 
100 1 |a Peško, Štefan,  |d 1954-  |4 aut  |9 9062 
245 1 0 |a Ako modelovať zakázané odbočovanie v dopravných sieťach?  |c Štefan Peško 
300 |b Sch. 
504 |a Res. angl., nem., slov. v obsahu 
504 |a Bibliogr. odkazy 
650 0 7 |a siete dopravné  |x odbočovanie zakázané  |x modelovanie  |2 snkbucl  |9 1407770 
655 7 |a články z novín a časopisov  |2 snkbucl  |9 267496 
773 0 |t Horizonty dopravy  |g Roč. 11, č. 2 (2003), s. 21-23  |x 1210-0978 
850 |a Slovenská národná knižnica 
852 |a Slovenská národná knižnica 
954 |a odborná, vedecká literatúra pôvodná (slovenská)  |2 lita 
958 |a article27 
958 |a OND 
958 |a NB 
958 |a EUIPO 
992 |a RBX 
999 |c 2857613  |d 2859543